| 000 | 00851 a2200241 4500 | ||
|---|---|---|---|
| 003 | Nust | ||
| 005 | 20221117141200.0 | ||
| 010 | _a 91033360 | ||
| 020 | _a0818623616 (microfiche) | ||
| 020 | _a0818623624 (casebound) | ||
| 040 | _cNust | ||
| 082 | 0 | 0 | _a621.367,CHE |
| 245 | 0 | 0 |
_aDigital image processing / _c[compiled by] Rama Chellappa. |
| 250 | _aRev. ed. | ||
| 260 |
_aLos Alamitos, Calif. : _bIEEE Computer Society Press, _cc1992. |
||
| 300 |
_aix, 801 p. : _bill. ; _c29 cm. |
||
| 440 | 0 |
_aIEEE Computer Society Press tutorial _994483 |
|
| 505 | _aImage Models (Page-1), Image Restoration (Page-260), Image Data Compression (Page-401), Emerging Topics (Page-697). | ||
| 650 | 0 |
_aImage processing _xDigital techniques. _9673 |
|
| 700 | 1 |
_aChellappa, Rama. _9101129 |
|
| 740 | 0 | _aDigital image processing and analysis. | |
| 942 |
_2ddc _cBK |
||
| 999 |
_c176878 _d176878 |
||